000 00865nam a2200277 i 4500
001 000038604
003 DO-SdBNP
005 20250909113057.0
007 ta
008 250909s2000 dr 000 0 spa d
040 _aDO-SdBNP
_bspa
_cBNPHU
_erda
041 _aspa
082 4 _a346.7293
_bS941t, 2000
_222
100 1 _aSubero Isa, Jorge A.,
_d1947-
_eautor
_976863
245 1 0 _aTratado práctico de responsabilidad civil dominicana /
_cJorge A. Subero Isa.
250 _aCuarta edición
264 _aMoca, República Dominicana :
_bDalis,
_c2000
300 _a392 páginas ;
_c22 cm.
336 _ardacontent
_btexto
_2txt
337 _ardamedia
_bsin mediación
_2n
338 _ardacarrier
_bvolumen
_2nc
590 _aInventariado, 2025 / DG
650 4 _aDerecho civil
_xLegislación
_zRepública Dominicana
_96943
910 _aDG
942 _2ddc
_cLBS1
999 _c59865
_d59865